000 03185nam0a22005411 4500
001 RU\NLR\A1\22046
005 20260407102315.0
035 _a(NLR Aleph) 009676513
090 _a9684759
_c9684759
100 _a19980610d1786 m y0rusy50 ca
101 1 _arus
_clat
102 _aRU
135 _acrcn 024anaba
140 _ay y aa yaa0000
200 1 _aСвятейшее разсматривание божественных свойств,
_eсочиненное для произведения добродетельных чувствований и действий.
_fИз сочинений Пальма Блаза.
_gПеревод с латинскаго языка [Павла Гродницкого]
210 _aМосква
_cв типографии Компании типографической
_d1786
215 _a50, [2] с.
_d
300 _aЦенз: с указнаго дозволения
300 _aНа с.3-6 посвящ. переводчика еп. Черниговскому и Нежинскому Феофилу с подписью "Павел Гродницкий"
306 _aВ 1787 г. в моск. кн. лавках конфисковано 1013 экз.
316 _aЭкз. РНБ (18.106.2.67) в серой бумажной обл. На 1-й с. обл. ярлык с шифром РНБ. На 2-й с. обл. два старых ярлыка. На тит. л. и с.50 штамп ИБ в венке с короной. На тит. л., с.33 и 50 круглый штамп ГПБ. На тит. л. дыра. Экз. не обрезан. Размер: 18,9х11,6х0,7 см
_5NLR: 18.106.2.67
321 1 _aСК XVIII 5116
325 _aКопия доступна в Электрон. б-ке РНБ
518 1 _aСвятейшее рассматривание божественных свойств
620 _dМосква
700 1 _4070
_7ca
_8rus
_aПальма
_bБ.
_f1577-1635
_gБлазиус
_9232303
_3RU\NLR\AUTH\770232359
702 1 _4730
_7ca
_8rus
_aГродницкий
_bП.
_f18 в.
_gПавел
_9232301
_3RU\NLR\AUTH\770232357
702 0 _4280
_7ca
_8rus
_aФеофил
_cИгнатович, Феодор Киргакович
_f1726-1788
_9232307
_3RU\NLR\AUTH\770232363
712 0 2 _4610
_aТипографическая компания
_cМосква
_bТипография
_3RU\NLR\AUTH\889930188
_9355937
801 0 _aRU
_bNLR
_c19980610
852 _aNLR
_j18.106.2.67
856 0 _uhttp://vivaldi.nlr.ru/bx000017556/view
856 1 _uhttp://vivaldi.nlr.ru/bx000017556/cover
856 2 _uhttp://vivaldi.nlr.ru/bx000017556/text
899 _aРГБ
899 _aБАН
899 _aГПИБ
899 _aСПбГУ
942 _cBOOK
980 _aNB
980 3 _akpcivil
980 3 _akp
980 _aA1XVIIIv
981 2 0 _a(20) Книжные памятники РНБ
_b(20) Русский книжный фонд